000 00310nam a22001217a 4500
082 _a346.066NAY.
100 _aGuy Naylor.
245 _aGuide to shareholders rights.
260 _aLondon.
_bGeorge Allen and Unwin ltd.
_c1969.
300 _a266p.
_b21cm.
500 _aIncludes glossary and index.
942 _cBK
999 _c17057
_d17057